Beowulf / (Record no. 658)

MARC details
000 -LEADER
fixed length control field 00673cam a2200265 a 4500
005 - DATE AND TIME OF LATEST TRANSACTION
control field 20260322212029.0
008 - FIXED-LENGTH DATA ELEMENTS--GENERAL INFORMATION
fixed length control field data
010 ## - LIBRARY OF CONGRESS CONTROL NUMBER
LC control number 2007003923
020 ## - INTERNATIONAL STANDARD BOOK NUMBER
International Standard Book Number 9780061343902 (pbk. bdg.)
020 ## - INTERNATIONAL STANDARD BOOK NUMBER
International Standard Book Number 0061343900
040 ## - CATALOGING SOURCE
Original cataloging agency DLC
Transcribing agency DLC
Modifying agency DLC
042 ## - AUTHENTICATION CODE
Authentication code lcac
050 00 - LIBRARY OF CONGRESS CALL NUMBER
Classification number PN6727.P4685
Item number B46 2007
082 00 - DEWEY DECIMAL CLASSIFICATION NUMBER
Classification number 741.5/973
Edition information 22
099 ## - LOCAL FREE-TEXT CALL NUMBER (OCLC)
Classification number PETRUS
001 - CONTROL NUMBER
control field data
100 1# - MAIN ENTRY--PERSONAL NAME
Personal name Petrucha, Stefan.
245 10 - TITLE STATEMENT
Title Beowulf /
Statement of responsibility, etc. Stefan Petrucha & Kody Chamberlain.
250 ## - EDITION STATEMENT
Edition statement 1st ed.
260 ## - PUBLICATION, DISTRIBUTION, ETC.
Place of publication, distribution, etc. New York :
Name of publisher, distributor, etc. HarperTrophy,
Date of publication, distribution, etc. c2007.
300 ## - PHYSICAL DESCRIPTION
Extent 1 v. (unpaged) :
Other physical details col. ill. ;c
Dimensions 23 cm.
655 #0 - INDEX TERM--GENRE/FORM
Genre/form data or focus term Graphic novels.
700 1# - ADDED ENTRY--PERSONAL NAME
Personal name Chamberlain, Kody.
730 0# - ADDED ENTRY--UNIFORM TITLE
Uniform title Beowulf.
Holdings
Withdrawn status Lost status Damaged status Not for loan Home library Current library Shelving location Date acquired Total checkouts Full call number Barcode Date last seen Price effective from Koha item type
        Franklin Franklin General stacks 22/03/2026   741.5/973 22 BC0010675 22/03/2026 22/03/2026 Books